00489nam a22001697a 450000500170000001000150001702000260003203500140005803700130007208200130008510000220009824500850012025000090020526000150021427000640022930000260029320210927104834.0 aENG-129971 c495.00a9789353887063 aEN-113503 bDBAD/PUB a658.4092 aLatha Vijaybaskar aMaster Strokes:breinventing leadership in uncertain timescby Latha Vijaybaskar a2021 bSagec2021 bNew DelhiaBI/1-1 Mohan Cooperative Industrial Areae110044 axiii,223pc21cm (pbk)